Histoire littéraire de Rome : De Romulus à Ovide (notice n° 1567169)

détails MARC
000 -LEADER
fixed length control field 01724cam a2200133 4500500
005 - DATE AND TIME OF LATEST TRANSACTION
control field 20251214002558.0
041 ## - LANGUAGE CODE
Language code of text/sound track or separate title fre
042 ## - AUTHENTICATION CODE
Authentication code dc
100 10 - MAIN ENTRY--PERSONAL NAME
Personal name Dupont, Florence
Relator term author
245 00 - TITLE STATEMENT
Title Histoire littéraire de Rome : De Romulus à Ovide
260 ## - PUBLICATION, DISTRIBUTION, ETC.
Name of publisher, distributor, etc. Armand Colin,<br/>
Date of publication, distribution, etc. 2022.<br/>
520 ## - SUMMARY, ETC.
Summary, etc. Rome, dont la langue de culture fut d’abord le grec, aurait pu être un empire hellénistique comme celui du macédonien Alexandre et les lettres latines ne jamais exister. Par la création et la pratique sociale des « lettres latines », Rome s’est démarquée des autres sociétés antiques, en s’identifiant à sa langue, politique, le latin, dont l’origine reste mystérieuse. La République romaine a ainsi édifié sa propre culture littéraire – mixte, ajoutant le latin au grec – et développé en latin toutes les formes de la culture classique grecque : le théâtre, la poésie, la philosophie, l’histoire, l’éloquence et l’art de la conversation.Cette vision très concrète de l’histoire des lettres latines comme processus, en relation avec l’affirmation progressive d’une identité latine de Rome à partir du IIIe siècle avant J.-C., conduit l’auteur à une relecture décapante des principaux textes latins antiques. À l’opposé d’une histoire de la « littérature latine », sous-tendue par la conception romantique de la littérature comme expression spontanée du génie national sous la figure de l’écrivain, l’auteur propose, de Romulus à Ovide, une histoire littéraire de Rome, comme il en existe une histoire militaire ou politique.
856 41 - ELECTRONIC LOCATION AND ACCESS
Uniform Resource Identifier <a href="https://shs.cairn.info/histoire-litteraire-de-rome--9782200629359?lang=fr&redirect-ssocas=7080">https://shs.cairn.info/histoire-litteraire-de-rome--9782200629359?lang=fr&redirect-ssocas=7080</a>

Pas d'exemplaire disponible.

PLUDOC

PLUDOC est la plateforme unique et centralisée de gestion des bibliothèques physiques et numériques de Guinée administré par le CEDUST. Elle est la plus grande base de données de ressources documentaires pour les Étudiants, Enseignants chercheurs et Chercheurs de Guinée.

Adresse

627 919 101/664 919 101

25 boulevard du commerce
Kaloum, Conakry, Guinée

Réseaux sociaux

Powered by Netsen Group @ 2025